| 000 | 01308pam a2200253 a 4500 | ||
|---|---|---|---|
| 001 | 11501 | ||
| 003 | IN-BhIIT | ||
| 005 | 20260617125519.0 | ||
| 008 | 880718s1989 nyua b 001 0 eng | ||
| 020 | _a9788126530731 (pbk.) | ||
| 040 | _aIN-BhIIT | ||
| 041 | _aeng | ||
| 082 | 0 | 0 |
_a621.4025 _bFRA/H |
| 100 | 1 |
_aFraas, Arthur P. _eAuthor _928007 |
|
| 245 | 1 | 0 |
_aHeat exchanger design / _cArthur P. Fraas. |
| 250 | _a2nd ed. | ||
| 260 |
_aNew York : _bWiley, _cc1989. |
||
| 300 |
_ax, 547 p. : _bill. ; _c29 cm. |
||
| 500 | _a"A Wiley-Interscience publication." | ||
| 504 | _aIncludes bibliographies and index. | ||
| 520 | _aThis Second Edition of the well-received work on design, construction, and operation of heat exchangers. Demonstrates how to apply theories of fluid mechanics and heat transfer to practical problems posed by design, testing, and installation of heat exchangers. Tables and data have been brought up to date, and there is new material on problems of vibration and fouling, and on optimization of energy use in the chemical process and manufacturing industries. Covers all basic principles of heat exchanger design, and addresses many specialized situations encountered in engineering applications. | ||
| 650 | 0 |
_aHeat exchangers _xDesign and construction. _910607 |
|
| 942 | _cTRB | ||
| 999 |
_c15557 _d15557 |
||